000 00547cam a2200181ua 4500
001 12079
008 200218n ii |||gr||||Z||||||eng
020 _a9789331320230
040 _cMAIN
082 _a371.4
100 _aIsmail Thamarasseri,
_eAuthor.
245 _aGuidance and counselling
_cBy Ismail Thamarasseri and Dinesh Kumar Krishnan
260 _aNew Delhi:
_bAPH publishing corporation,
_c2016.
300 _a126p.
653 _aSchools & their activities special education
700 _aDinesh kumar Krishnan,
_eAuthor.
942 _cBK
999 _c10855
_d10855